000 01523nam a22002897a 4500
001 7356
003 FISKH
005 20250710134954.0
008 250710b cb ||||| |||| 00| 0 eng d
020 _a9780825478536
040 _aFISKH
_beng
_cFISKH
_dFISKH
050 _aPZ7.H26725 T
082 _a813.5
100 _aHartman, Bob
245 _aThe three billy goats' stuff! /
_cBob Hartman ; Illustrated by Jacqueline East
250 _aThis editionp published in 2009.
260 _aOxford OX2 8DR :
_bLion Children's,
_c2007.
300 _a30 unnumbered pages :
_bcolor illustrations ;
_c27 cm
505 _aH
520 _aOnce again, Bob Hartman gives his inimitable treatment to a retelling of the popular traditional tale of the story of the Three Billy Goats Gruff. This time the Troll can be found under the climbing frame in the school playground of the Traditional Academy for Small Furry Animals and the Odd Mythical Creature. Children are sure to know a similar bullying character in their own school and will be delighted to see the Troll get his come-uppance. Jacqueline East's witty illustrations include appealing yet characterful animals and a suitably obnoxious Troll. This fun-filled tale will appeal to fans of The Wolf Who Cried Boy and other Hartman followers.
521 8 _a430
_bLexile estimate
521 8 _aH
_bRaz-Plus
650 _aPicture Book
_vFractured Fairy Tales
_xChildren's
700 _aEast, Jacqueline
_eillustrator
942 _2ddc
_cBK
_n0
999 _c7356
_d7356